[Event "Mittelrhein Verbandsliga-M 16/17"]
[Site "Nordrheinwestfalen"]
[Date "2017.04.30"]
[Round "11.4"]
[White "Niederreuther, Mark Niels"]
[Black "Sewald, Richard"]
[Result "1/2-1/2"]
[WhiteElo "1903"]
[BlackElo "1684"]
[PlyCount "67"]
[EventDate "2016.09.11"]
[EventType "team-tourn"]
[EventRounds "11"]
[EventCountry "GER"]
[SourceTitle "EXT 2022"]
[Source "ChessBase"]
[SourceDate "2021.10.06"]
[SourceVersion "1"]
[SourceVersionDate "2021.10.06"]
[SourceQuality "1"]
[WhiteTeam "Gruenfeld"]
[BlackTeam "Porz SG V"]
[WhiteTeamCountry "GER"]
[BlackTeamCountry "GER"]

1. f4 Nf6 2. Nf3 e6 3. b3 b6 4. Bb2 Bb7 5. e3 d5 6. Be2 Nbd7 7. 0-0 Bd6 8. d3 c5 9. Qe1 Qc7 10. g3 e5 11. fxe5 Nxe5 12. Nbd2 0-0-0 13. d4 Neg4 14. Bd3 Rde8 15. Rf2 Nxf2 16. Qxf2 Ne4 17. Bxe4 dxe4 18. Ng5 f6 19. Nh3 Kb8 20. c3 cxd4 21. cxd4 Qc2 22. Nc4 Qxf2+ 23. Kxf2 Kc7 24. Nxd6 Kxd6 25. Ke1 Rc8 26. Kd2 g5 27. Rf1 Ke7 28. Nf2 h5 29. Nd1 h4 30. g4 h3 31. Nf2 Bd5 32. Ba3+ Ke6 33. Nd1 Kf7 34. Nc3 1/2-1/2

[Event "Mittelrhein Verbandsliga-M 16/17"]
[Site "Nordrheinwestfalen"]
[Date "2016.11.27"]
[Round "4.5"]
[White "Niederreuther, Mark Niels"]
[Black "Fabiani, Martin"]
[Result "0-1"]
[WhiteElo "1903"]
[BlackElo "1872"]
[PlyCount "68"]
[EventDate "2016.09.11"]
[EventType "team-tourn"]
[EventRounds "11"]
[EventCountry "GER"]
[SourceTitle "EXT 2022"]
[Source "ChessBase"]
[SourceDate "2021.10.06"]
[SourceVersion "1"]
[SourceVersionDate "2021.10.06"]
[SourceQuality "1"]
[WhiteTeam "Gruenfeld"]
[BlackTeam "Koeln Muelheim"]
[WhiteTeamCountry "GER"]
[BlackTeamCountry "GER"]

1. f4 d5 2. Nf3 Nf6 3. e3 c5 4. b3 g6 5. Bb2 Bg7 6. Be2 Nc6 7. 0-0 0-0 8. d3 Re8 9. Ne5 Qc7 10. Nxc6 Qxc6 11. Bf3 b6 12. Qe2 Bb7 13. Nd2 Qd7 14. Be5 Rad8 15. g4 Qc8 16. g5 Nd7 17. Bxg7 Kxg7 18. Qg2 Nf8 19. h4 Ba8 20. h5 Qe6 21. Rae1 f5 22. Qh2 Qd6 23. hxg6 hxg6 24. Rf2 Ne6 25. Qg3 Rh8 26. Kg2 Kf7 27. Rh1 Rxh1 28. Kxh1 Rh8+ 29. Rh2 Qd8 30. Rxh8 Qxh8+ 31. Kg1 Qb2 32. Qg2 Qxc2 33. Nc4 Qc1+ 34. Kh2 dxc4 0-1

[Event "Mittelrhein Verbandsliga-M 16/17"]
[Site "Nordrheinwestfalen"]
[Date "2016.09.11"]
[Round "1.4"]
[White "Niederreuther, Mark Niels"]
[Black "Dizdarevic, Alen"]
[Result "1/2-1/2"]
[WhiteElo "1903"]
[BlackElo "1818"]
[PlyCount "27"]
[EventDate "2016.09.11"]
[EventType "team-tourn"]
[EventRounds "11"]
[EventCountry "GER"]
[SourceTitle "EXT 2022"]
[Source "ChessBase"]
[SourceDate "2021.10.06"]
[SourceVersion "1"]
[SourceVersionDate "2021.10.06"]
[SourceQuality "1"]
[WhiteTeam "Gruenfeld"]
[BlackTeam "Rheinpark BSG"]
[WhiteTeamCountry "GER"]
[BlackTeamCountry "GER"]

1. f4 d5 2. Nf3 Nf6 3. e3 Bg4 4. Be2 e6 5. 0-0 Bxf3 6. Bxf3 c6 7. b3 Nbd7 8. Bb2 Qc7 9. d4 Ne4 10. Nd2 Nxd2 11. Qxd2 f5 12. c4 Nf6 13. a4 Be7 14. Rfc1 1/2-1/2

[Event "Mittelrhein Verbandsliga-M 15/16"]
[Site "Nordrheinwestfalen"]
[Date "2015.11.15"]
[Round "4.3"]
[White "Niederreuther, Mark Niels"]
[Black "Wulfken, Christof"]
[Result "1/2-1/2"]
[WhiteElo "1876"]
[BlackElo "1827"]
[PlyCount "42"]
[EventDate "2015.09.06"]
[EventType "team-tourn"]
[EventRounds "11"]
[EventCountry "GER"]
[SourceTitle "EXT 2022"]
[Source "ChessBase"]
[SourceDate "2021.10.06"]
[SourceVersion "1"]
[SourceVersionDate "2021.10.06"]
[SourceQuality "1"]
[WhiteTeam "Gruenfeld"]
[BlackTeam "Schlebusch SF"]
[WhiteTeamCountry "GER"]
[BlackTeamCountry "GER"]

1. f4 d5 2. Nf3 Nf6 3. e3 e6 4. b3 c5 5. Bb2 a6 6. Be2 Nc6 7. 0-0 b5 8. a4 b4 9. d3 Bb7 10. Ne5 Be7 11. Nd2 0-0 12. Ndf3 Nxe5 13. Nxe5 Nd7 14. Bf3 Nxe5 15. Bxe5 Bf6 16. Bxf6 Qxf6 17. Qe2 e5 18. fxe5 Qxe5 19. e4 Qd4+ 20. Qf2 Qxf2+ 21. Rxf2 dxe4 1/2-1/2

[Event "Leverkusen-ch op"]
[Site "Leverkusen"]
[Date "2009.01.12"]
[Round "1"]
[White "Van Kempen, Susanne"]
[Black "Niederreuther, Mark Niels"]
[Result "0-1"]
[WhiteElo "1612"]
[BlackElo "1904"]
[PlyCount "60"]
[EventDate "2009.01.12"]
[EventType "swiss"]
[EventRounds "7"]
[EventCountry "GER"]
[SourceTitle "EXT 2010"]
[Source "ChessBase"]
[SourceDate "2010.11.25"]
[SourceVersion "1"]
[SourceVersionDate "2010.11.25"]
[SourceQuality "1"]

1. e4 d6 2. d4 Nf6 3. Nc3 g6 4. Nf3 Bg7 5. Bd3 0-0 6. 0-0 c6 7. Ne2 Bg4 8. Nd2 e5 9. f3 Be6 10. dxe5 dxe5 11. Bc4 Qe7 12. Bxe6 Qxe6 13. Ng3 Na6 14. c3 Rad8 15. Qe2 Nc5 16. Qc4 b6 17. Qxe6 Nxe6 18. Nc4 Nd7 19. Be3 Ndc5 20. Rad1 f6 21. b3 Kf7 22. Kf2 Nd3+ 23. Ke2 Ndf4+ 24. Bxf4 Nxf4+ 25. Kf2 Ke7 26. Rd2 Bh6 27. Rxd8 Rxd8 28. h4 Rd3 29. h5 Rxc3 30. Ne3 Nd3+ 0-1

[Event "Cologne-ch 05"]
[Site "Cologne"]
[Date "2004.12.11"]
[Round "2"]
[White "Niederreuther, Mark Niels"]
[Black "Reinartz, Ulrich"]
[Result "1/2-1/2"]
[WhiteElo "1804"]
[BlackElo "1616"]
[PlyCount "83"]
[EventDate "2004.12.04"]
[EventType "swiss"]
[EventRounds "7"]
[EventCountry "GER"]
[SourceTitle "EXT 2006"]
[Source "ChessBase"]
[SourceDate "2005.11.24"]
[SourceVersion "1"]
[SourceVersionDate "2005.11.24"]
[SourceQuality "1"]

1. f4 d5 2. Nf3 e6 3. e3 Nf6 4. b3 Be7 5. Bb2 b6 6. Be2 Bb7 7. 0-0 0-0 8. Ne5 c5 9. d3 Nfd7 10. Nd2 f6 11. Nxd7 Nxd7 12. Bf3 Qc7 13. Qe2 b5 14. c4 b4 15. g4 a5 16. Rfc1 a4 17. a3 axb3 18. axb4 dxc4 19. Nxc4 Nb6 20. Rxa8 Rxa8 21. Nxb6 Qxb6 22. Bxb7 Qxb7 23. bxc5 Qb5 24. Qg2 Rc8 25. d4 Qd3 26. Qf3 Qd2 27. Qf2 Qd3 28. Qe1 Qg6 29. Qe2 h5 30. h3 hxg4 31. Qxg4 Qe4 32. Kf2 Kf7 33. Qf3 Qd3 34. Rc3 Qb1 35. Qe2 Rh8 36. e4 Qh1 37. Rxb3 f5 38. Qe3 fxe4 39. Ke2 Rh6 40. Kd2 Qb1 41. Bc1 Qa2+ 42. Rb2 1/2-1/2

[Event "Cologne Longerich op 2nd"]
[Site "Cologne"]
[Date "2003.??.??"]
[Round "6"]
[White "Schuldt, Norbert"]
[Black "Niederreuther, Mark Niels"]
[Result "0-1"]
[WhiteElo "1827"]
[BlackElo "1814"]
[PlyCount "34"]
[EventDate "2003.06.??"]
[EventType "swiss"]
[EventRounds "7"]
[EventCountry "GER"]
[SourceTitle "EXT 2004"]
[Source "ChessBase"]
[SourceDate "2003.11.25"]
[SourceVersion "1"]
[SourceVersionDate "2003.11.25"]
[SourceQuality "1"]

1. e4 d6 2. d4 Nf6 3. Nc3 g6 4. f3 Bg7 5. Be3 0-0 6. Qd2 c6 7. 0-0-0 b5 8. Bh6 Qa5 9. Bxg7 Kxg7 10. Kb1 b4 11. Nce2 Be6 12. b3 Na6 13. Nf4 Nc7 14. g4 Bxg4 15. e5 Nfd5 16. Nxd5 Nxd5 17. Kb2 Qa3+ 0-1